BIBLIOTHÈQUE DE LA MAISON DU MEXIQUE

Logo 1 Logo 2

Thorstein Veblen y el institucionalismo (notice nᵒ 12166)

détails MARC
000 -Sello discográfico
campo de control de longitud fija 01208nam a2200337 4500
005 - Identificación de versión
campo de control 20251016082447.0
035 ## - Otros números de control del sistema
Número de control del sistema 12318
099 ## - fechas locales
Tipo de ítem Koha LIBRO
100 ## - Datos de procesamiento general
Datos de procesamiento general 19930801d1977 m y1spay5003 ba
101 1# - Idioma del recurso
Idioma del texto, banda sonora, etc. Español; Castellano
Idioma de la obra original Inglés
105 ## - Campo de datos codificados: Material textual, monográfico
Datos codificados de monografía y 001zy
200 1# - Título y mención de responsabilidad
Título propio Thorstein Veblen y el institucionalismo
Designación general del material texto impreso
Otra información del título un estudio de la filosofía social de la economía
Primer mención de responsabilidad David Seckler
Declaración de responsabilidad subsiguiente prólogo de Lord Robbins
-- traducción de Juan José Utrilla
205 ## - Declaración de edición
Declaración de edición 1a ed
210 ## - Publicación, distribución, etc.
Lugar de publicación, distribución, etc. México
Nombre del editor, distribuidor, etc. Fondo de Cultura Económica
Fecha de publicación, distribución, etc. 1977
215 ## - Descripción física
Designación de material específico y extensión del ítem 262 p
Dimensiones 17 cm
345 ## - Nota de información de adquisición
Fuente de adquisición/dirección de la suscripción [OBSOLETO] Donación
410 #1 - Series
Título Breviarios del Fondo de Cultura Económica
Número de volumen 270
454 #1 - Traducción de
Título Thorsten Veblen and the Institucionalists. A Study in the Social Philosophy of Economics
600 ## - Nombre personal usado como materia
Elemento de entrada Veblen
Parte del nombre distinta del elemento de entrada Thorstein Bunde
Fechas 1857-1929
Número Koha 18789
606 ## - Término temático usado como materia
Elemento de entrada Institucionalismo
Número Koha 18790
700 ## - Nombre personal - Responsabilidad primaria
Elemento de entrada Seckler
Parte del nombre distinta del elemento de entrada David William
Fechas 1935-
Número Koha 18791
702 ## - Nombre personal - Responsabilidad secundaria
Elemento de entrada Robbins
Parte del nombre distinta del elemento de entrada Lord
Fechas 1898-1984
Número Koha 18792
702 ## - Nombre personal - Responsabilidad secundaria
Elemento de entrada Utrilla
Parte del nombre distinta del elemento de entrada Juan José
Fechas 1932-
Número Koha 2309
801 #0 - Fuente de origen
Agencia cm
900 ## -
-- 1/8902
900 ## -
-- 710934562\\010893
942 ## - ELEMENTOS DE ENTRADA SECUNDARIOS (KOHA)
Tipo de ítem Koha Livre
996 ## -
-- MEX
-- 751145101
-- MMAG
-- 004751
-- 082.1 B846 V.270
-- 20210504LIV
Exemplaires
Estatus retirado Estado de daño Estado de pérdida Fecha de adquisición Biblioteca de origen Biblioteca actual Ubicación en estantería Código de barras Precio de reemplazo Signatura topográfica completa No para préstamo Tipo de ítem Koha Nota pública Nota no pública
      05/08/2025 Casa México Paris Casa México Paris   004751 05/08/2025 082.1 B846 V.270   Livre 20210504LIV 751145101